000 01434nam a2200217Ia 4500
003 Ost
005 20260507075733.0
008 260507s9999||||xx |||||||||||||| ||und||
040 _cfsecg
041 _aara
082 _a657.46
100 _aعلي، عبد الوهاب نصر
_eمؤلف
245 0 _aمبادئ المحاسبة المالية وفقا لمعايير المحاسبة الدولية /
_c عبد الوهاب نصر علي
260 _aالإسكندرية:
_bالدار الجامهية,
_c2004
300 _a461 صفحة؛
_bإيضاحات ؛
_c24 سم
504 _aببليوغرافيا: ص.455
520 _aالمحاسبة عن التكلفة في المنشآت الصناعية،جرد وتسوية الأدوات المالية (الخزينة والبنك)،جرد وتسوية الأدوات المالية(العملاء وأوراق القبض)،جرد وتسوية الأدوات المالية(الإستثمارات في الأوراق المالية)،جرد وتسوية المخزون،جرد وتسوية الأصول الثابتة،جرد وتسوية حقوق الملاك والإلتزامات،اليوميات الخاصة والدفاتر المساعدة،أهم المصطلحات المحاسبية الخاصة بمبادئ المحاسبة المالية
653 _aالمحاسبة التحليلية
653 _aالمحاسبة الدولية
942 _cكتاب
999 _c46055
_d46055